| 000 | 00511nam a2200157Ia 4500 | ||
|---|---|---|---|
| 008 | 210716s2004 xx 000 0 und d | ||
| 020 | _a8174965750 | ||
| 041 | _aeng | ||
| 082 | _a657.046 KISR | ||
| 100 | _aKishore, Ravi m. | ||
| 245 |
_aTaxmanns advanced accounting: with accounting standards and problems and solutions. _bWith accounting standards and problems and solutions. |
||
| 250 | _a1 | ||
| 260 |
_aNew Delhi _bTaxmann Publications Pvt Ltd _c2004 |
||
| 300 | _aI-36,970 | ||
| 650 | _aCost Accounting | ||
| 999 |
_c199492 _d199492 |
||